Tác phẩm văn học được giải thưởng Hồ Chí Minh

Tallennettuna:
Bibliografiset tiedot
Päätekijä: Phan Tứ
Muut tekijät: Nguyễn Cừ (chỉ đạo & tổ chức bản thảo), Tuấn Thành... (tuyển soạn)
Aineistotyyppi: Kirja
Kieli:Vietnamese
Julkaistu: H. Văn học 2007
Aiheet:
Tagit: Lisää tagi
Ei tageja, Lisää ensimmäinen tagi!
Thư viện lưu trữ: Mạng thư viện Đại học Đà Nẵng
LEADER 01260nam a2200349 4500
001 000005969
003 2122
005 20120409090448.0
008 110826s2007 viesd
020 |c 000đ 
041 0 |a vie 
082 |a 895.9221  |b PH-T 
100 0 |a Phan Tứ 
245 0 |a Tác phẩm văn học được giải thưởng Hồ Chí Minh  |c Phan Tứ ; Nguyễn Cừ chỉ đạo & tổ chức bản thảo ; tuyển soạn Tuấn Thành 
260 |a H.  |b Văn học  |c 2007 
300 |a 1287 tr  |b chân dung  |c 21 cm 
653 |a Văn học hiện đại 
653 |a Việt Nam 
653 |a Tiểu thuyết 
700 |a Nguyễn Cừ  |e chỉ đạo & tổ chức bản thảo 
700 |a Tuấn Thành...  |e tuyển soạn 
910 |a Nguyễn Thị Kim Oanh  |d 26/08/2011 
OWN |a LSP 
AVA |a UDN50  |b LSP  |d 895.9221 PH-T  |e available  |t Error 5001 Not defined in file expand_doc_bib_avail.  |f 1  |g 0  |h N  |i 0  |k 1 
999 |a From the UDN01 
AVA |a UDN50  |b LSP  |d 895.9221 PH-T  |e available  |t Error 5001 Not defined in file expand_doc_bib_avail.  |f 1  |g 0  |h N  |i 0  |k 1 
TYP |a Monograph 
TYP |a Printed language 
980 |a Mạng thư viện Đại học Đà Nẵng